Central Library OPAC University of Rajshahi

মুসলিম প্রশাসন : (Record no. 38003)

MARC details
000 -LEADER
fixed length control field 01206nam a2200241 a 4500
001 - CONTROL NUMBER
control field 38003
003 - CONTROL NUMBER IDENTIFIER
rucl marc code BD-RjUL
005 - DATE AND TIME OF LATEST TRANSACTION
control field 20211209052714.0
008 - FIXED-LENGTH DATA ELEMENTS--GENERAL INFORMATION
fixed length control field 150825s1981 bg ||||| |||| 00| 0 ben d
035 ## - SYSTEM CONTROL NUMBER
System control number (BD-RjUL)38108
040 ## - CATALOGING SOURCE
Original cataloging agency BD-RjUL
Language of cataloging eng
Transcribing agency BD-RjUL
041 ## - LANGUAGE CODE
Language code of text/sound track or separate title eng
082 ## - DEWEY DECIMAL CLASSIFICATION NUMBER
Classification number 351.000917671
Author mark and year KHM 1981
Edition number 23
100 ## - MAIN ENTRY--PERSONAL NAME
Personal name খান, মুহম্মদ আলী আসগর
9 (RLIN) 117708
245 ## - TITLE STATEMENT
Title মুসলিম প্রশাসন :
Remainder of title ব্যবস্থার ক্রমবিকাশ /
Statement of responsibility, etc. মুহম্মদ আলী আসগর খান, মোখলেছুর রহমান, শেখ মুহম্মদ লুৎফর রহমান.
260 ## - PUBLICATION, DISTRIBUTION, ETC. (IMPRINT)
Place of publication, distribution, etc. রাজশাহী :
Name of publisher, distributor, etc. বুকস প্যাভিলিয়ন,
Date of publication, distribution, etc. ১৯৮১.
300 ## - PHYSICAL DESCRIPTION
Pagination ২০, ৪৩৩ পৃ. ;
Size ২১ সেমি
650 ## - SUBJECT ADDED ENTRY--TOPICAL TERM
Topical term or geographic name as entry element মুসলিম সাম্রাজ্য
General subdivision রাষ্ট্রবিজ্ঞান
9 (RLIN) 117709
Topical term or geographic name as entry element Islamic Empire
General subdivision Politics and government.
9 (RLIN) 117710
700 ## - ADDED ENTRY--PERSONAL NAME
Personal name রহমান, মোখলেছুর
Personal name রহমান, শেখ মুহম্মদ লুৎফর
942 ## - ADDED ENTRY ELEMENTS (KOHA)
Source of classification or shelving scheme Dewey Decimal Classification
Koha item type Books
Holdings
Lost status Source of classification or shelving scheme Damaged status Not for loan Collection code Permanent Location Current Location Shelving location Date acquired Source of acquisition Cost, normal purchase price Total Checkouts Full call number Date last seen Date checked out Copy number Koha item type Total Renewals
  Dewey Decimal Classification     Non-fiction Central Library, University of Rajshahi Central Library, University of Rajshahi   17/06/1982 Aligarh library, Rajshahi 60.00 4 B 351.000917671 KHM 1981 19/05/2025 04/05/2025 C-2 Books  
  Dewey Decimal Classification     Non-fiction Central Library, University of Rajshahi Central Library, University of Rajshahi   20/07/1983 Ideal Library, Dhaka 96.00 18 B 351.000917671 KHM 1981 07/11/2023 01/11/2023 C-3 Books 2
  Dewey Decimal Classification     Non-fiction Central Library, University of Rajshahi Central Library, University of Rajshahi   17/06/1982 Aligarh library, Rajshahi 60.00 12 B 351.000917671 KHM 1981 09/10/2023 11/09/2023 C-4 Books